Good hunting being volume three of "by Guess and by God" / (Record no. 184076)

000 -LEADER
fixed length control field 01337 a2200181 4500
003 - CONTROL NUMBER IDENTIFIER
control field Nust
005 - DATE AND TIME OF LATEST TRANSACTION
control field 20230504133132.0
040 ## - CATALOGING SOURCE
Transcribing agency Nust
082 ## - DEWEY DECIMAL CLASSIFICATION NUMBER
Classification number 639.1,CAR
100 ## - MAIN ENTRY--PERSONAL NAME
Personal name William Guy Carr
9 (RLIN) 112121
245 ## - TITLE STATEMENT
Title Good hunting being volume three of "by Guess and by God" /
Statement of responsibility, etc. William Guy Carr
260 ## - PUBLICATION, DISTRIBUTION, ETC.
Place of publication, distribution, etc. London
Name of publisher, distributor, etc. Hutchinson & Co
Date of publication, distribution, etc. 1940
300 ## - PHYSICAL DESCRIPTION
Extent 288 p
Other physical details illus
Dimensions 24 cm
505 ## - FORMATTED CONTENTS NOTE
Formatted contents note Introduction (Page -9), Using a sprat to catch a mackrel (Page-25), Just a nice quiet time at sea (Page-52), The story of submarines e4 and e41 (Page-68), Activities in the north sea admiral scheer,s attempt to break up the dover patrol (Page -98), Trying to pick chestnut out of the fire we burn our fingers badly (Page-112), The c.m.b.s more and varied ways of hunting (Page-129), The felixstowe war flight (Page-144), Hunting fritz from the air.some of it good-some of it bad (Page-163), Discipline in the royal navy (Page-182), Harry tate,s navy (Page-197), Hard luck and a gallant rescue (Page-218), What happened when corned beef and cabbage turned sour (Page-235), The end of an air raider (Page-242), The international situation (Page-251), Conclusion an indictment of germany,s policy (Page-263).
600 ## - SUBJECT ADDED ENTRY--PERSONAL NAME
Personal name William Guy Carr
9 (RLIN) 112121
650 ## - SUBJECT ADDED ENTRY--TOPICAL TERM
Topical term or geographic name entry element Good hunting being volume three of "by Guess and by God"
9 (RLIN) 112122
942 ## - ADDED ENTRY ELEMENTS (KOHA)
Source of classification or shelving scheme
Koha item type Book
Holdings
Withdrawn status Lost status Source of classification or shelving scheme Damaged status Not for loan Permanent Location Current Location Shelving location Date acquired Full call number Barcode Date last seen Price effective from Koha item type Public note
          Military College of Signals (MCS) Military College of Signals (MCS) General Stacks 12/12/2016 639.1,CAR MCS29288 12/08/2016 12/12/2016 Book Almirah No.74, Shelf No.8
© 2023 Central Library, National University of Sciences and Technology. All Rights Reserved.